[Event "GRE-ch (Women) 38th"]
[Site "Hydra"]
[Date "2015.04.26"]
[Round "6"]
[White "Stefanidi, Maria Anna"]
[Black "Makka, Evanthia"]
[Result "1-0"]
[WhiteElo "1997"]
[BlackElo "2089"]
[PlyCount "201"]
[EventDate "2015.04.21"]
[EventType "tourn"]
[EventRounds "9"]
[EventCountry "GRE"]
[SourceTitle "CBM 166 Extra"]
[Source "ChessBase"]
[SourceDate "2015.06.18"]
[SourceVersion "1"]
[SourceVersionDate "2015.06.18"]
[SourceQuality "1"]

1. e4 c6 2. d4 d5 3. Nc3 dxe4 4. Nxe4 Bf5 5. Ng3 Bg6 6. Nf3 e6 7. Bc4 Nf6 8. Qe2 Be7 9. Be3 Nd5 10. Bxd5 cxd5 11. Ne5 Nc6 12. f4 a6 13. 0-0 0-0 14. c3 Qc8 15. Qf3 Nxe5 16. fxe5 Qc4 17. Qg4 h6 18. Rf3 Kh7 19. h4 f5 20. exf6 Rxf6 21. h5 Bf7 22. Rxf6 Bxf6 23. Rf1 Qc7 24. Ne2 Qc8 25. Qf3 Qe8 26. g4 Qe7 27. Bf4 Rf8 28. Qd3+ Kg8 29. Qg3 Bh4 30. Qh2 Be8 31. Bd6 Rxf1+ 32. Kxf1 Qf7+ 33. Kg1 Bg5 34. Bf4 Bd8 35. Qf2 Bb5 36. Be5 Qxf2+ 37. Kxf2 Bxe2 38. Kxe2 Kf7 39. b3 g6 40. c4 gxh5 41. gxh5 Bg5 42. Kd3 Ke7 43. c5 Kd7 44. Ke2 Kc6 45. Kf3 Be7 46. Kg4 Kb5 47. Bg7 Bg5 48. Bf8 Kc6 49. Bg7 Kb5 50. Be5 Be7 51. a4+ Kc6 52. b4 b5 53. cxb6 Kxb6 54. Bf4 Bf8 55. Bd2 Bg7 56. Be3 Kc6 57. Kf3 Kd6 58. Bf4+ Kc6 59. Ke3 Kb6 60. Bd6 Kc6 61. Bc5 Bf6 62. Kf4 Bg7 63. Kf3 Bf6 64. Bf8 Bg5 65. Bg7 Kb6 66. Be5 Be7 67. Bf4 Bf8 68. Bd2 Bg7 69. Bc3 Kc6 70. Ke3 Kb6 71. Be1 Kc6 72. Bh4 Bf8 73. Be1 Be7 74. Kd3 Bf8 75. Kc3 Bg7 76. Bg3 Bf6 77. Bb8 Bg7 78. Ba7 Bf6 79. Bc5 e5 80. Bf8 exd4+ 81. Kd3 Bg5 82. Kxd4 Bf6+ 83. Kd3 Bg5 84. Bg7 Kd6 85. Kd4 Bd2 86. b5 axb5 87. axb5 Bc1 88. Bf8+ Ke6 89. b6 Bb2+ 90. Kd3 Kd7 91. Bxh6 Kc6 92. Be3 Bg7 93. Bd4 Bh6 94. Ke2 Kd6 95. Kf3 Kc6 96. Kg4 Kb7 97. Kf5 Kc6 98. Kg6 Bd2 99. h6 Bxh6 100. Kxh6 Kb7 101. Kg6 1-0

[Event "GRE-ch (Women) 38th"]
[Site "Hydra"]
[Date "2015.04.23"]
[Round "3"]
[White "Makropoulou, Marina"]
[Black "Makka, Evanthia"]
[Result "1-0"]
[WhiteElo "2154"]
[BlackElo "2089"]
[PlyCount "67"]
[EventDate "2015.04.21"]
[EventType "tourn"]
[EventRounds "9"]
[EventCountry "GRE"]
[SourceTitle "CBM 166 Extra"]
[Source "ChessBase"]
[SourceDate "2015.06.18"]
[SourceVersion "1"]
[SourceVersionDate "2015.06.18"]
[SourceQuality "1"]

1. e4 g6 2. d4 Bg7 3. Nc3 c6 4. Nf3 d6 5. Be3 Qb6 6. Qc1 Nd7 7. h3 Qc7 8. a4 b6 9. Bc4 e6 10. 0-0 a6 11. Ng5 h6 12. Nf3 Ne7 13. Qd2 Nf6 14. e5 Nfd5 15. Ne4 dxe5 16. dxe5 Nxe3 17. Nd6+ Kf8 18. fxe3 Nf5 19. e4 Nxd6 20. exd6 Qa7 21. Kh1 Kg8 22. e5 Kh7 23. Rad1 Bd7 24. Nh2 Rhf8 25. Ng4 b5 26. Bd3 Qc5 27. b4 Qa7 28. a5 c5 29. Be4 Rac8 30. Qe3 Be8 31. Rf3 Bc6 32. Bxc6 Rxc6 33. d7 Qc7 34. Rxf7 1-0